[Event "Chess.com Classic Div 1 L"]
[Site "chess.com INT"]
[Date "2024.05.12"]
[Round "2.1"]
[White "Firouzja, Alireza"]
[Black "Lazavik, Denis"]
[Result "1-0"]
[WhiteElo "2738"]
[BlackElo "2572"]
[PlyCount "41"]
[EventDate "2024.05.11"]
[EventType "k.o."]

1. Nf3 d5 2. b3 Nf6 3. Bb2 e6 4. e3 Be7 5. g4 O-O 6. g5 Ne4 7. h4 c5 8. Nc3 ({RR} 8. c4 Nc6 9. d3 Nd6 10. Nbd2 b6 11. Bg2 Bb7 12. a3 Qc7 13. cxd5 exd5 14. d4 Nf5 15. Qc2 Bc8 16. O-O Be6 17. dxc5 bxc5 18. b4 cxb4 19. axb4 Bxb4 20. e4 dxe4 21. Nxe4 Rfc8 22. Ne5 Nxe5 {So,W (2780)-Karjakin,S (2773) Saint Louis 2018 0-1 (63)}) 8... Nxc3 9. dxc3 Nc6 10. c4 b6 $146 ({RR} 10... Qa5+ 11. Qd2 dxc4 12. Bxc4 Rd8 13. Qxa5 Nxa5 14. Bd3 b6 15. Ne5 Bb7 16. Rg1 Rac8 17. O-O-O Rd6 18. h5 Rcd8 19. g6 fxg6 20. hxg6 hxg6 21. Nxg6 Bf6 22. Rg3 Bxb2+ 23. Kxb2 c4 24. bxc4 Be4 25. Ne5 {Shimanov,A (2582)-Hamidov,A (2247) chess.com INT 2024 1-0}) ({RR} 10... Qa5+ 11. Qd2 Qxd2+ 12. Nxd2 d4 13. exd4 cxd4 14. O-O-O e5 15. Bg2 f6 16. gxf6 Rxf6 17. Bd5+ Kh8 18. Rde1 Bd7 19. Ne4 Rf4 20. Kb1 Raf8 21. h5 h6 22. Bc1 R4f5 23. a3 Be8 24. b4 Rxh5 25. Rxh5 {Lazavik,D (2578)-Nepomniachtchi,I (2755) Oslo NOR 2024 1-0 (49)}) 11. Qd2 dxc4 12. Qc3 f6 13. Bxc4 Na5 14. Rd1 Qe8 15. Rg1 Kh8 16. h5 Qxh5 17. gxf6 Rxf6 18. Be2 Ba6 19. Rxg7 Kxg7 20. Rd7 Qf7 21. Ng5 1-0

[Event "Chess.com Classic Div 1 L"]
[Site "chess.com INT"]
[Date "2024.05.13"]
[Round "3.1"]
[White "Firouzja, Alireza"]
[Black "Duda, J."]
[Result "1-0"]
[WhiteElo "2738"]
[BlackElo "2734"]
[PlyCount "59"]
[EventDate "2024.05.11"]
[EventType "k.o."]

1. Nf3 Nf6 2. b3 d5 3. Bb2 e6 4. c4 Be7 5. e3 O-O 6. Be2 dxc4 7. bxc4 b6 8. O-O Bb7 9. Nc3 c5 10. d4 cxd4 11. exd4 Nc6 12. Re1 $146 ({RR} 12. Rc1 Rc8 13. a3 Na5 14. Ne5 Nd7 15. Nb5 a6 16. Na7 Ra8 17. d5 Nxe5 18. Bxe5 exd5 19. cxd5 Qxd5 20. Qxd5 Bxd5 21. Rc7 Bd8 22. Rd7 Be6 23. Bf3 Bxd7 24. Bxa8 Bf6 25. Bc7 Rxa8 26. Bxb6 Nc4 {Ptacnikova,L (2130)-Eryshkanova,A (2192) Chess.com INT 2021 0-1}) 12... Rc8 13. Rc1 Na5 14. Ne5 Nd7 15. Nxd7 Qxd7 16. d5 Nxc4 17. dxe6 Qxd1 18. exf7+ Kxf7 19. Bxc4+ Rxc4 20. Rcxd1 Rd8 21. Rxd8 Bxd8 22. Rd1 Bf6 23. Nb5 Be7 24. h3 Bc6 25. Nxa7 Be8 26. Bd4 b5 27. Be3 b4 28. Rd5 Ke6 29. Ra5 Rc1+ 30. Bxc1 1-0

[Event "Chess.com Classic Div 1 L"]
[Site "chess.com INT"]
[Date "2024.05.13"]
[Round "4.1"]
[White "Firouzja, Alireza"]
[Black "Keymer, Vincent"]
[Result "1-0"]
[WhiteElo "2738"]
[BlackElo "2726"]
[PlyCount "109"]
[EventDate "2024.05.11"]
[EventType "k.o."]

1. Nf3 Nf6 2. b3 c5 3. Bb2 Nc6 4. e3 g6 5. Nc3 ({RR} 5. d4 cxd4 6. Nxd4 Bg7 7. Be2 O-O 8. O-O Nxd4 9. Bxd4 d5 10. Nd2 Qd6 11. c4 Rd8 12. cxd5 Qxd5 13. Bf3 Qf5 14. Rc1 Ne8 15. Rc5 e5 16. Nc4 f6 17. Rd5 Rxd5 18. Bxd5+ Kh8 19. Bc5 Qd7 {Firouzja,A (2760)-Abasov,N (2632) Toronto CAN 2024 1-0}) ({RR} 5. c4 Bg7 6. d4 cxd4 7. Nxd4 O-O 8. Be2 d5 9. Nxc6 bxc6 10. O-O Be6 11. Qc2 a5 12. Nc3 Bf5 13. Qc1 Ne4 14. Nxe4 Bxb2 15. Qxb2 Bxe4 16. Rfd1 Qb6 17. Qe5 e6 18. h4 a4 19. h5 Qb8 {Gatterer,F (2170)-Rose,F (2091) chess.com INT 2024 0-1}) 5... e5 $146 ({RR} 5... Bg7 6. Ne4 d6 7. Nxf6+ Bxf6 8. Bxf6 exf6 9. Be2 O-O 10. O-O f5 11. g3 Ne5 12. Nh4 Qc7 13. d4 Ng4 14. e4 Nh6 15. Qd2 Kg7 16. f3 f6 17. Bc4 Bd7 18. Rad1 Rad8 19. Rfe1 fxe4 20. Rxe4 {Zak,U (2405)-Gradwohl,J (2160) Graz 1996 1-0 (46)}) 6. Bb5 Qe7 7. O-O Bg7 8. d4 e4 9. Nd2 cxd4 10. Nc4 O-O 11. Ba3 Nb4 12. Qxd4 d5 13. Nb6 Ng4 14. Qxb4 Qh4 15. h3 axb6 16. Nxd5 Rxa3 17. Ne7+ Kh8 18. Qxa3 Be6 19. Qd6 Ne5 20. Be2 Re8 21. Rad1 Bxh3 22. gxh3 Qxh3 23. Nd5 h5 24. Nf4 Qh4 25. Qd5 Kh7 26. Ng2 Qg5 27. Qxe4 Re6 28. Qf4 Qe7 29. Qg3 Bf6 30. Qh3 Rc6 31. c4 Bg7 32. Nf4 Qg5+ 33. Qg2 Qh4 34. Rd4 Qe7 35. Nd5 Qe8 36. Re4 Qd8 37. f4 Nd7 38. f5 Nc5 39. Ref4 Be5 40. R4f3 Kh6 41. Rh3 Qe8 42. Kh1 Bb8 43. Bf3 Qe5 44. Rg1 Qxf5 45. Bg4 Qe5 46. Bd1 Re6 47. Bc2 Kg7 48. Qg3 Qb2 49. Qxb8 Qxc2 50. Qh2 Qd3 51. Qb2+ Kg8 52. Nf4 Qe4+ 53. Qg2 Rd6 54. Qxe4 Nxe4 55. Rxh5 1-0

[Event "Chess.com Classic Play-In"]
[Site "chess.com INT"]
[Date "2024.05.08"]
[Round "1.27"]
[White "Bachmann, Ax"]
[Black "Eljanov, P."]
[Result "1-0"]
[WhiteElo "2582"]
[BlackElo "2676"]
[PlyCount "103"]
[EventDate "2024.05.08"]

1. Nf3 d5 2. e3 c5 3. b3 Nc6 4. Bb2 e6 5. Bb5 Nge7 6. Ne5 Bd7 7. Nxd7 Qxd7 8. d4 cxd4 9. exd4 g6 $146 ({RR} 9... Nf5 10. c3 a6 11. Bd3 e5 12. dxe5 Nxe5 13. Be2 O-O-O 14. Nd2 h5 15. Nf3 {½-½ (15) Sonis,F (2562)-Brunello,S (2515) Vasto ITA 2024}) 10. Nd2 a6 11. Bd3 Nb4 12. Be2 Bg7 13. Nf3 O-O 14. O-O Rfd8 15. a3 Nbc6 16. Bd3 b5 17. Qe2 Qa7 18. Rfd1 Nxd4 19. Nxd4 Bxd4 20. Bxd4 Qxd4 21. Bxg6 Qf6 22. Bd3 Ng6 23. Qh5 e5 24. f3 Rac8 25. Re1 Re8 26. a4 b4 27. a5 e4 28. fxe4 dxe4 29. Bc4 Qd4+ 30. Kh1 Rxc4 31. bxc4 Qxc4 32. Qg4 Qxc2 33. h4 h5 34. Qxh5 e3 35. Re2 Qe4 36. Rae1 Re5 37. Qf3 Qxh4+ 38. Qh3 Qxh3+ 39. gxh3 Rxa5 40. Rxe3 Rb5 41. Re4 a5 42. Rb1 Ne5 43. h4 b3 44. Kg2 b2 45. Rd4 Kg7 46. Kf1 Rb3 47. Ke2 f5 48. Kd1 Nc6 49. Rd7+ Kf6 50. Rd6+ Ke5 51. Rxc6 a4 52. Kc2 1-0

[Event "Chess.com Classic Play-In"]
[Site "chess.com INT"]
[Date "2024.05.08"]
[Round "1.81"]
[White "Vogel, Roven"]
[Black "Banusz, T."]
[Result "1-0"]
[WhiteElo "2547"]
[BlackElo "2623"]
[PlyCount "63"]
[EventDate "2024.05.08"]

1. Nf3 d5 2. e3 Nf6 3. c4 c6 4. Nc3 a6 5. a4 e6 6. d4 a5 7. Bd3 Na6 8. e4 ({RR} 8. O-O Nb4 9. e4 dxe4 10. Nxe4 Be7 11. Nxf6+ Bxf6 12. Be4 O-O 13. Ra3 g6 14. Bh6 Re8 15. Qe2 Qe7 16. h4 c5 17. dxc5 Qxc5 18. Ng5 Bg7 19. Bxg7 Kxg7 20. Rg3 f5 21. Bxf5 Qxf5 22. Rf3 Qc5 {Sokolov,I (2706)-Malakhov,V (2700) France 2004 0-1 (38)}) ({RR} 8. O-O Nb4 9. e4 Be7 10. e5 Nd7 11. cxd5 cxd5 12. Bb1 b6 13. Ne1 Ba6 14. Nd3 Nxd3 15. Bxd3 Bxd3 16. Qxd3 Rc8 17. Nb5 O-O 18. Bd2 Nb8 19. Na7 Rc7 20. Nb5 Rc8 21. Na7 Rc7 22. Nb5 Rc8 {Li Bo (2183)-Bryakin,M (2432) Pozarevac SRB 2024 ½-½}) 8... Nb4 9. cxd5 Nxd3+ 10. Qxd3 cxd5 $146 ({RR} 10... exd5 11. e5 Nd7 12. Bg5 Be7 13. Bxe7 Qxe7 14. O-O O-O 15. Rfe1 Nb8 16. Re3 Na6 17. Na2 Bd7 18. Qd2 b6 19. h3 Rfe8 20. b3 Nc7 21. Kh2 Ne6 22. Nc3 Qb4 23. Rb1 Rad8 24. Rb2 Bc8 25. Na2 {Partos,C (2328)-Gruenenwald,J (2366) Switzerland 2005 ½-½ (47)}) 11. e5 Ng8 12. O-O Ne7 13. Bg5 h6 14. Nb5 hxg5 15. Nd6+ Kd7 16. Nxf7 Qe8 17. N3xg5 Rh5 18. f4 Rxg5 19. fxg5 Nc6 20. Rac1 Kc7 21. g6 Bd7 22. Qg3 Kb6 23. Nd6 Bxd6 24. exd6 Nxd4 25. Qe5 Nf5 26. Rc7 Rc8 27. Rxf5 exf5 28. Qxe8 Rxe8 29. Rxd7 Re6 30. Rxg7 Rxd6 31. Kf2 Kc5 32. h4 1-0

[Event "Chess.com Classic Play-In"]
[Site "chess.com INT"]
[Date "2024.05.08"]
[Round "3.69"]
[White "Krysa, L."]
[Black "Santos Ruiz, Miguel"]
[Result "1-0"]
[WhiteElo "2535"]
[BlackElo "2601"]
[PlyCount "75"]
[EventDate "2024.05.08"]

1. Nf3 d5 2. g3 Bg4 3. Bg2 e6 4. O-O Nd7 5. h3 Bxf3 6. Bxf3 c6 7. d4 ({RR} 7. d3 Ngf6 8. e4 Bd6 9. Nd2 O-O 10. Qe2 Qb6 11. c3 Bxg3 12. d4 dxe4 13. Nxe4 Nxe4 14. Bxe4 Bc7 15. Kh1 Nf6 16. Rg1 Nxe4 17. Qxe4 g6 18. Bh6 Rfe8 19. Rg2 Qb5 20. Rag1 Qh5 21. Qe3 e5 {Tahbaz,A (2438)-Jaskolka,T (2198) chess.com INT 2025 1-0 (58)}) 7... f5 8. c4 Bd6 9. Qb3 $146 ({RR} 9. Bh5+ g6 10. Bf3 Ngf6 11. Bh6 Qe7 12. Qb3 O-O-O 13. Qa4 Kb8 14. c5 Bc7 15. b4 a6 16. Bg5 h6 17. Bxf6 Qxf6 18. e3 e5 19. Nc3 e4 20. Be2 f4 21. exf4 Qxd4 22. Rac1 g5 23. Bxa6 Nxc5 {Kushko,D (2445)-Boor,C (2231) chess.com INT 2024 1-0 (74)}) 9... Rb8 10. Nc3 Qf6 11. h4 h6 12. h5 g5 13. hxg6 Qxg6 14. Kg2 Ngf6 15. Rh1 h5 16. Rh4 Ng4 17. Bxg4 fxg4 18. Bf4 Bxf4 19. gxf4 Qf6 20. Rah1 Qxf4 21. Rxh5 Rf8 22. Nd1 Qe4+ 23. Kf1 Qxd4 24. cxd5 cxd5 25. Rh7 a6 26. e3 Qd2 27. Kg2 Qe2 28. Rg7 Nc5 29. Rhh7 Qf3+ 30. Kg1 b6 31. Qc2 Kd8 32. b4 Qe4 33. Qc3 g3 34. bxc5 gxf2+ 35. Nxf2 Qb1+ 36. Kg2 Qf5 37. Rd7+ Ke8 38. Rhe7# 1-0

[Event "Chess.com Classic Play-In"]
[Site "chess.com INT"]
[Date "2024.05.08"]
[Round "4.12"]
[White "Bachmann, Ax"]
[Black "Rustemov, A."]
[Result "1-0"]
[WhiteElo "2582"]
[BlackElo "2525"]
[PlyCount "95"]
[EventDate "2024.05.08"]

1. Nf3 d5 2. e3 Nf6 3. c4 c6 4. Nc3 a6 5. h3 e6 6. b3 c5 7. cxd5 exd5 8. d4 Nc6 9. Bb2 Bd6 10. Be2 O-O 11. dxc5 Bxc5 12. O-O Be6 13. Rc1 Qe7 $146 ({RR} 13... Ba7 14. Na4 Qe7 15. Nd4 Bd7 16. Nxc6 Bxc6 17. Bd4 Bxa4 18. bxa4 Bxd4 19. Qxd4 Rfc8 20. Qb2 h6 21. a5 Rc7 22. Rxc7 Qxc7 23. Rc1 Qd7 24. Qc2 Rd8 25. Bf3 Qb5 26. Qc7 Qd7 27. Rc2 g6 28. Qe5 {Karthik,V (2609)-Dreev,A (2606) Samarkand UZB 2023 0-1 (64)}) 14. Bd3 Rfd8 15. Ne2 Rac8 16. Bxf6 gxf6 17. Nfd4 Nxd4 18. Nxd4 Bxd4 19. exd4 f5 20. Re1 Qf6 21. Re5 f4 22. Rxc8 Rxc8 23. Qf3 Kg7 24. Kh2 h6 25. Qh5 Kf8 26. Bf5 Ke7 27. Qf3 Kf8 28. Qxf4 Rc2 29. Rxe6 fxe6 30. Qd6+ Kf7 31. Bxc2 Qxd4 32. f4 Qd2 33. Qc7+ Kf6 34. Qe5+ Kf7 35. Bh7 Qxa2 36. f5 exf5 37. Qxd5+ Ke7 38. Qxb7+ Kf6 39. Qb6+ Ke5 40. Qc5+ Kf6 41. Qxf5+ Ke7 42. Qe5+ Kd7 43. Qg7+ Kc6 44. Qxh6+ Kc5 45. Qe3+ Kb4 46. Qd4+ Ka3 47. Qd6+ Kb2 48. Qd2+ 1-0

[Event "Chess.com Classic Play-In"]
[Site "chess.com INT"]
[Date "2024.05.08"]
[Round "4.62"]
[White "Banusz, T."]
[Black "Harsha, B."]
[Result "1-0"]
[WhiteElo "2623"]
[BlackElo "2571"]
[PlyCount "115"]
[EventDate "2024.05.08"]

1. Nf3 d5 2. g3 Nd7 3. d4 Nb6 4. Nc3 Nf6 5. Bg2 g6 6. O-O Bg7 7. Re1 ({RR} 7. a4 a5 8. Re1 Ne4 9. Qd3 f5 10. Bf4 c6 11. h4 Nc4 12. b3 Ncd6 13. Ne5 O-O 14. Nxe4 fxe4 15. Qd2 Qb6 16. Rad1 Be6 17. Qc3 Rac8 18. Qc5 Qxc5 19. dxc5 Nf5 20. e3 Nh6 21. c4 Nf7 {Banusz,T (2605)-Henriquez Villagra,C (2604) Budapest HUN 2024 0-1 (41)}) 7... O-O 8. e4 Nxe4 $146 ({RR} 8... dxe4 9. Nxe4 c6 10. Nc5 Nbd7 11. Nd3 Nb6 12. Nc5 Re8 13. c3 Nfd7 14. Nd3 Nf6 15. Nc5 a5 16. a4 Ra7 17. h3 Bf5 18. Qb3 h5 19. Ne5 Rf8 20. Bg5 Qc7 21. Rad1 Nbd5 22. Ncd3 Qc8 23. Kh2 {Khenkin,I (2498)-Kazakouski,V (2563) chess.com INT 2025 ½-½ (60)}) 9. Nxe4 dxe4 10. Rxe4 Bf5 11. Re1 c6 12. c3 Nd5 13. Ne5 Qb6 14. Qb3 Be6 15. Bd2 Qc7 16. Qa3 Qd6 17. Qxd6 exd6 18. Nc4 Rad8 19. Na5 Rd7 20. h3 Ne7 21. Re2 Rc8 22. Rae1 Kf8 23. Bg5 d5 24. g4 h6 25. Bh4 g5 26. Bg3 Ng6 27. Nb3 b6 28. Re3 Bf6 29. Bf1 Kg7 30. Ba6 Rcd8 31. a4 Be7 32. Nc1 Bd6 33. Bxd6 Rxd6 34. Nd3 Rh8 35. Ne5 Nf4 36. Bf1 h5 37. f3 c5 38. Nd3 cxd4 39. cxd4 hxg4 40. fxg4 Ng6 41. Rc1 Rd7 42. Ne5 Nxe5 43. Rxe5 Kf6 44. Kg2 Rdd8 45. Ba6 Rhg8 46. Rc7 Rd7 47. Rc3 Kg6 48. b3 Kf6 49. Kg3 Kg6 50. Rc6 Kf6 51. Bc8 Re7 52. Ba6 Kg6 53. Rxd5 Kf6 54. Bd3 Kg7 55. Rxg5+ Kf8 56. Rxg8+ Kxg8 57. Bc4 Rd7 58. Rxe6 1-0

[Event "Chess.com Classic Play-In"]
[Site "chess.com INT"]
[Date "2024.05.08"]
[Round "4.67"]
[White "Blohberger, Felix"]
[Black "Petrosyan, M."]
[Result "1-0"]
[WhiteElo "2506"]
[BlackElo "2618"]
[PlyCount "83"]
[EventDate "2024.05.08"]

1. Nf3 d5 2. g3 Nf6 3. Bg2 e6 4. O-O Be7 5. d4 O-O 6. c4 dxc4 7. Qc2 a6 8. a4 Bd7 9. Qxc4 Bc6 10. Bg5 Nbd7 11. Nc3 a5 12. Rfd1 h6 13. Bxf6 Nxf6 14. e3 ({RR} 14. h4 Bd5 15. Qd3 Bxf3 16. Bxf3 c6 17. e4 Qb6 18. e5 Nd5 19. Be4 Rad8 20. Rd2 Bb4 21. Qc4 Qa6 22. Qb3 c5 23. Rad1 c4 24. Qc2 Bxc3 25. bxc3 b5 26. axb5 Qxb5 27. Rb1 Qd7 28. Ra1 Ra8 {Davudov,T (2225)-Rustamov,R (2305) Baku AZE 2025 1-0 (58)}) 14... Qb8 $146 ({RR} 14... Rc8 15. Rac1 Bb4 16. Ne5 Bxg2 17. Kxg2 c6 18. Nd3 Be7 19. Nc5 Qc7 20. N3e4 Nd5 21. Nc3 Nb4 22. Nd3 Qb6 23. Nxb4 Qxb4 24. Qxb4 Bxb4 25. Ne4 Rfd8 26. Nc5 b6 27. Nd3 Bd6 28. Rc2 Rc7 29. Rdc1 {Urbina Perez,J (2266)-Klimkowski,J (2531) chess.com INT 2024 0-1 (69)}) ({RR} 14... Bxf3 15. Bxf3 c6 16. Kg2 Qb6 17. Qe2 Rfd8 18. h4 Rd7 19. h5 Rad8 20. Qc2 c5 21. Nb5 cxd4 22. Rxd4 Qc5 23. Qxc5 Bxc5 24. Rxd7 Rxd7 25. Rd1 Rxd1 26. Bxd1 Ne8 27. Kf3 Nd6 28. Nxd6 {½-½ (28) Grischuk,A (2778)-Nepomniachtchi,I (2792) Moscow 2021}) ({RR} 14... Bb4 15. Ne5 Bxg2 16. Kxg2 c6 17. Rac1 Qe7 18. Ne2 Rfd8 19. Nf4 c5 20. dxc5 Rxd1 21. Rxd1 Qxc5 22. Nfd3 Qxc4 23. Nxc4 Rd8 24. Kf3 Kf8 25. Ke2 Rc8 26. Rc1 Nd7 27. g4 Ke7 28. h4 Rc6 29. h5 {Blohberger,F (2513)-Klabis,R (2412) Budva MNE 2023 1-0 (64)}) 15. Rac1 Rd8 16. Ne5 Bxg2 17. Kxg2 c5 18. Nf3 cxd4 19. Rxd4 Rxd4 20. Nxd4 Qd8 21. Qb5 Rb8 22. Nb3 b6 23. Nd4 Rb7 24. Nc6 Qa8 25. Kg1 Bf8 26. Ne5 Rc7 27. Qxb6 Rc5 28. Nd3 Rf5 29. Ne2 Qe4 30. Qb3 Ng4 31. Rc4 Qf3 32. Nd4 Qd5 33. Nxf5 exf5 34. Qc2 g5 35. Rc8 Kg7 36. Qc3+ Nf6 37. Qc4 Qd7 38. Rc7 Qe8 39. Ne5 Be7 40. Qb5 Qd8 41. Qb7 Kf8 42. Rc8 1-0

[Event "Chess.com Classic Play-In"]
[Site "chess.com INT"]
[Date "2024.05.08"]
[Round "5.37"]
[White "Sankalp, Gupta"]
[Black "Durarbayli, Vasif"]
[Result "1-0"]
[WhiteElo "2532"]
[BlackElo "2627"]
[PlyCount "77"]
[EventDate "2024.05.08"]

1. Nf3 d5 2. e3 c5 3. b3 a6 4. Bb2 Nc6 5. d4 Nf6 6. Bd3 Bg4 7. a3 cxd4 8. exd4 e6 9. Nbd2 ({RR} 9. O-O Bd6 10. Nbd2 O-O 11. Qe1 Ne7 12. Ne5 Bf5 13. Qe2 b5 14. b4 Nd7 15. Nxd7 Qxd7 16. Nb3 Qc7 17. h3 Bg6 18. Nc5 Nc6 19. Bxg6 hxg6 20. Rfe1 Rfe8 21. Qd3 Bxc5 22. dxc5 Qf4 23. Rad1 Rad8 {Hampel,F (2344)-Vetoshko,V (2510) Germany GER 2025 0-1 (42)}) 9... Bd6 10. Qe2 $146 ({RR} 10. O-O O-O 11. Qe1 Qb6 12. Qe3 Bh5 13. Rfe1 Bg6 14. Bxg6 hxg6 15. Ng5 Qc7 16. Qh3 Rfe8 17. Ndf3 Ne7 18. Ne5 Bxe5 19. dxe5 Nh5 20. g4 Qxc2 21. Bd4 Nc6 22. Rac1 Qd2 23. Be3 Qd3 24. Rcd1 Qxb3 {Sokolovsky,Y (2431)-Bluebaum,M (2661) chess.com INT 2023 1-0 (54)}) 10... Qc7 11. h3 Bh5 12. g4 Bg6 13. Bxg6 hxg6 14. Ne5 Bxe5 15. dxe5 Nd7 16. f4 b5 17. O-O-O O-O-O 18. Kb1 Kb7 19. Nf3 Nc5 20. Ng5 Rd7 21. Qf2 Qb6 22. f5 gxf5 23. gxf5 b4 24. axb4 Nxb4 25. Bd4 Rc8 26. fxe6 Qa5 27. c3 Nxb3 28. Qb2 fxe6 29. Qxb3 Rc4 30. Rh2 Ka8 31. Rb2 Rb7 32. cxb4 Rbxb4 33. Qf3 Qa4 34. Rc1 Rxc1+ 35. Kxc1 Qa1+ 36. Kc2 Rc4+ 37. Bc3 Qa4+ 38. Kb1 Rc7 39. Qf8+ 1-0

[Event "Chess.com Classic Play-In"]
[Site "chess.com INT"]
[Date "2024.05.08"]
[Round "7.9"]
[White "Warmerdam, Max"]
[Black "Van Foreest, Jorden"]
[Result "1-0"]
[WhiteElo "2652"]
[BlackElo "2665"]
[PlyCount "85"]
[EventDate "2024.05.08"]

1. Nf3 d5 2. c4 dxc4 3. e4 c5 4. Bxc4 e6 5. O-O Nc6 6. d3 ({RR} 6. Nc3 a6 7. d3 Nf6 8. e5 Nd7 9. Re1 Be7 10. Bf4 O-O 11. a3 b5 12. Ba2 Bb7 13. Ne4 Nd4 14. Nxd4 cxd4 15. Qg4 Bxe4 16. Rxe4 Kh8 17. Re2 Rc8 18. Bg3 Nc5 19. Rd1 Qd7 20. f4 Rc7 {Krasenkow,M (2655)-Volzhin,A (2530) Koszalin 1998 ½-½ (47)}) ({RR} 6. Nc3 Nf6 7. d3 Be7 8. Be3 O-O 9. Rc1 b6 10. a3 Na5 11. Ba2 Ba6 12. Ne5 Nd7 13. Nc4 Nxc4 14. Bxc4 Bxc4 15. dxc4 Ne5 16. Qa4 Qe8 17. Qb3 Qc6 18. Rcd1 Rfd8 19. h3 Ng6 20. f4 Bf6 {Warmerdam,M (2617)-Rathanvel,V (2474) chess.com INT 2024 1-0 (50)}) 6... Bd6 7. Be3 $146 ({RR} 7. Nc3 Nge7 8. h3 a6 9. a4 O-O 10. Be3 b6 11. d4 cxd4 12. Nxd4 Bb7 13. Rc1 Ne5 14. Be2 Rc8 15. Qb3 Bc5 16. Rfd1 Qc7 17. a5 b5 18. Ncxb5 Qxa5 19. Nc3 Rb8 20. Qa4 Qb6 21. Qa2 Rfd8 {Gaehwiler,G (2405)-Tanenbaum,Z (2148) Chess.com INT 2022 1-0 (64)}) 7... Nf6 8. Bb5 Ng4 9. Bxc6+ bxc6 10. Qc2 Qc7 11. h3 Nxe3 12. fxe3 c4 13. Qxc4 Rb8 14. Nbd2 Qb6 15. Qc3 Qxe3+ 16. Kh1 O-O 17. Nc4 Qc5 18. d4 Qb4 19. Nxd6 Qxd6 20. Ne5 Ba6 21. Rf2 f6 22. Nxc6 Rbc8 23. d5 exd5 24. exd5 Bb7 25. Rc1 Rfe8 26. Qf3 Kh8 27. Rfc2 Rc7 28. b4 a6 29. a4 Rd7 30. Rc5 h6 31. b5 axb5 32. axb5 Rc7 33. Qf5 Rcc8 34. Qg6 Re3 35. Ne5 Rxc5 36. Nf7+ Kg8 37. Nxh6+ Kh8 38. Nf7+ Kg8 39. Nh6+ Kh8 40. Nf7+ Kg8 41. Nxd6 Rxc1+ 42. Kh2 Bxd5 43. Nf5 1-0

[Event "Chess.com Classic Play-In"]
[Site "chess.com INT"]
[Date "2024.05.08"]
[Round "8.55"]
[White "Narayanan, Sri"]
[Black "Blohberger, Felix"]
[Result "1-0"]
[WhiteElo "2535"]
[BlackElo "2506"]
[PlyCount "143"]
[EventDate "2024.05.08"]

1. Nf3 d5 2. e3 Nf6 3. c4 e6 4. Nc3 a6 5. b3 c5 6. cxd5 exd5 7. Bb2 Nc6 8. d4 Bg4 9. dxc5 Bxc5 10. Be2 O-O 11. O-O Re8 12. h3 ({RR} 12. Rc1 Ba7 13. h3 Be6 14. Bd3 d4 15. exd4 Nxd4 16. Nxd4 Qxd4 17. Qf3 Qh4 18. Ne4 Nxe4 19. Bxe4 Rad8 20. Rfd1 Bxf2+ 21. Kh1 Rxd1+ 22. Rxd1 Bxh3 23. Bxh7+ Qxh7 24. gxh3 {1-0 (24) Ushenina,A (2418)-Zhukova,N (2306) Monaco MNC 2025}) 12... Bh5 13. Rc1 Ba7 14. Nh4 Bg6 $146 ({RR} 14... Bxe2 15. Nxe2 d4 16. Nxd4 Nxd4 17. Bxd4 Bxd4 18. exd4 Nd5 19. Nf3 Nf4 20. Re1 Rxe1+ 21. Nxe1 Qg5 22. Kf1 Re8 23. Rc2 h5 24. Qf3 Qe7 25. Rc1 Ne2 26. Rd1 Nxd4 27. Qd3 Nc6 28. Nf3 Rd8 29. Qe2 {Kushko,D (2445)-Zeman,M (2321) chess.com INT 2024 0-1 (47)}) 15. Nxg6 hxg6 16. Na4 Ne4 17. Bxa6 Nxf2 18. Rxf2 Bxe3 19. Bb5 Qh4 20. Qf3 d4 21. Rcf1 Ne5 22. Qe2 Re6 23. Kh1 Bxf2 24. Qxf2 Qxf2 25. Rxf2 Ra5 26. Bf1 Nc6 27. a3 Re1 28. g4 Rb1 29. Kg2 b5 30. Nc5 b4 31. axb4 Nxb4 32. Bxd4 Nc6 33. Be3 Rba1 34. Bc4 Ne5 35. Bd4 Nxc4 36. Bxa1 Rxc5 37. bxc4 Rxc4 38. g5 Rc5 39. h4 Rc4 40. Kg3 Ra4 41. Bb2 Rb4 42. Bc3 Rc4 43. Rf3 Kh7 44. Rd3 Kg8 45. Bd4 Rc7 46. Rf3 Rd7 47. Rf4 Rb7 48. Kf3 Rd7 49. Ke4 Rd8 50. Bc5 Re8+ 51. Kd5 Rd8+ 52. Bd6 Ra8 53. Kc6 Ra6+ 54. Kd7 Ra7+ 55. Bc7 Rb7 56. Kd6 Ra7 57. Bd8 Rb7 58. Be7 Ra7 59. Bd8 Rb7 60. Kc6 Ra7 61. Bb6 Re7 62. Bc5 Re2 63. Kd7 Re6 64. Be7 Ra6 65. Ke8 Ra8+ 66. Bd8 Ra7 67. Rd4 Ra2 68. Be7 Ra8+ 69. Rd8 Ra7 70. Bc5 Rc7 71. Bb6 Rb7 72. Bd4 1-0

[Event "Chess.com Classic Play-In"]
[Site "chess.com INT"]
[Date "2024.05.08"]
[Round "8.60"]
[White "Samadov, Read"]
[Black "Brunello, S."]
[Result "1-0"]
[WhiteElo "2504"]
[BlackElo "2508"]
[PlyCount "69"]
[EventDate "2024.05.08"]

1. Nf3 d5 2. g3 Nf6 3. Bg2 c6 4. c4 dxc4 5. O-O g6 6. Na3 Bg7 7. Nxc4 O-O ({RR} 7... Be6 8. Qc2 O-O 9. d3 Nbd7 10. Ng5 Bd5 11. e4 Bxc4 12. dxc4 h6 13. Nf3 Qc7 14. Rd1 Rad8 15. h3 Ne5 16. Nxe5 Qxe5 17. Bf4 Qe6 18. Rac1 Nd7 19. b3 Nc5 20. Be3 b6 21. b4 Nd7 22. Kh2 {Pershina,E (2114)-Pakhomov,E (2366) chess.com INT 2025 1-0 (59)}) 8. d3 ({RR} 8. b3 Nd5 9. d4 c5 10. Bb2 cxd4 11. Nxd4 Na6 12. Rc1 Nab4 13. a3 Na6 14. b4 Nac7 15. Qc2 e5 16. Nf3 e4 17. Qxe4 Bf5 18. Qh4 Bxb2 19. Nxb2 Re8 20. Ng5 Nf6 21. e4 Bg4 22. h3 Bh5 {Aronian,L (2797)-Harikrishna,P (2727) Beijing 2014 1-0 (69)}) ({RR} 8. b3 a5 9. Bb2 Na6 10. Bc3 Nc5 11. d3 Be6 12. Qd2 a4 13. Ba5 Qb8 14. Nb6 Ra6 15. bxa4 Nd5 16. Rab1 Nxb6 17. Bxb6 Nxa4 18. Bd4 Bd5 19. Bxg7 Kxg7 20. e4 Be6 21. Qb4 c5 22. Qxb7 Qxb7 {Gareyev,T (2565)-Samadov,R (2375) Chess.com INT 2022 1-0 (44)}) 8... a5 9. Bd2 Nbd7 10. Rc1 $146 ({RR} 10. Qc2 Nd5 11. d4 b5 12. Nce5 Nxe5 13. Nxe5 Bxe5 14. dxe5 Ra6 15. Rac1 Be6 16. Rfd1 Qb8 17. Qc5 Re8 18. a3 Qb7 19. Qd4 Rc8 20. Rc5 Nc7 21. Bh6 Bb3 22. Rxb5 Qxb5 23. Qd8+ Ne8 24. Qxc8 c5 {Bak,C (2018)-Arnott,J (2127) England 2017 1-0}) 10... a4 11. Bc3 Nd5 12. Bxg7 Kxg7 13. Qd2 N7f6 14. Rfd1 Nb6 15. b3 axb3 16. axb3 Be6 17. Qb2 Kg8 18. Ra1 Qc7 19. Rdc1 Rxa1 20. Rxa1 Nc8 21. b4 Bxc4 22. dxc4 Rd8 23. c5 Nd5 24. Ne5 f6 25. Nc4 e5 26. Bh3 Kg7 27. Bxc8 Rxc8 28. Nd6 Rb8 29. e4 Ne7 30. Qb3 Ng8 31. Ra7 Qd7 32. Kg2 Nh6 33. b5 cxb5 34. Qd5 Nf7 35. Nf5+ 1-0

[Event "Chess.com Classic Play-In"]
[Site "chess.com INT"]
[Date "2024.05.08"]
[Round "9.35"]
[White "Narayanan, Sri"]
[Black "Rustemov, A."]
[Result "1-0"]
[WhiteElo "2535"]
[BlackElo "2525"]
[PlyCount "75"]
[EventDate "2024.05.08"]

1. Nf3 d5 2. e3 Nf6 3. c4 e6 4. Nc3 Bd6 5. b3 b6 6. Bb2 Bb7 7. Rc1 a6 8. cxd5 exd5 9. g3 O-O 10. Bg2 Nbd7 11. O-O Re8 12. d4 Ne4 13. Re1 f5 14. Re2 Qf6 15. Rec2 Re7 $146 ({RR} 15... Rad8 16. Ne2 Qh6 17. Nf4 Ndf6 18. Ne5 c5 19. f3 Ng5 20. Qd3 g6 21. a4 Ne6 22. a5 cxd4 23. Nxe6 Rxe6 24. exd4 bxa5 25. Bc3 f4 26. Bxa5 Rf8 27. Bd2 g5 28. gxf4 gxf4 29. Rc7 Bxc7 30. Rxc7 {Wagner,D (2587)-Studer,N (2494) Bad Ragaz 2019 ½-½ (56)}) 16. Ne2 Rae8 17. Nf4 g5 18. Nd3 Nf8 19. Nfe5 g4 20. f3 gxf3 21. Qxf3 Ng6 22. Rf1 Rf8 23. Qh5 Qg5 24. Qxg5 Nxg5 25. Rcf2 c5 26. Rxf5 Rxf5 27. Rxf5 Ne4 28. dxc5 bxc5 29. Ng4 d4 30. exd4 cxd4 31. Bxd4 h5 32. Rxh5 Re6 33. Bh3 Re8 34. Nh6+ Kf8 35. Rf5+ Ke7 36. Rf7+ Kd8 37. Bb6+ Bc7 38. Bxc7# 1-0